<?xml version="1.0" encoding="UTF-8"?>
<record
    xmlns:xsi="http://www.w3.org/2001/XMLSchema-instance"
    xsi:schemaLocation="http://www.loc.gov/MARC21/slim http://www.loc.gov/standards/marcxml/schema/MARC21slim.xsd"
    xmlns="http://www.loc.gov/MARC21/slim">

  <leader>01792nam a22002537a 4500</leader>
  <controlfield tag="003">DO-SdBNP</controlfield>
  <controlfield tag="005">20211213083435.0</controlfield>
  <controlfield tag="007">ta</controlfield>
  <controlfield tag="008">211119b2021    dr a|||| |||| 00| 0 spa d</controlfield>
  <datafield tag="020" ind1=" " ind2=" ">
    <subfield code="a">97899450988309</subfield>
  </datafield>
  <datafield tag="040" ind1=" " ind2=" ">
    <subfield code="a">DO-SdBNP</subfield>
    <subfield code="b">spa</subfield>
    <subfield code="c">BNPHU </subfield>
  </datafield>
  <datafield tag="082" ind1=" " ind2="4">
    <subfield code="2">22</subfield>
    <subfield code="b">C352b</subfield>
  </datafield>
  <datafield tag="100" ind1="1" ind2=" ">
    <subfield code="a">Castillo Lachapelle, Ram&#xF3;n,</subfield>
    <subfield code="d">1956-</subfield>
    <subfield code="9">80680</subfield>
  </datafield>
  <datafield tag="245" ind1="1" ind2="0">
    <subfield code="a">Buenas pr&#xE1;cticas agr&#xED;colas : </subfield>
    <subfield code="b">manejo esponsable de fitosanitarios /</subfield>
    <subfield code="c">Ram&#xF3;n Castillo Lachapelle ; pr&#xF3;logo Porfirio A. &#xC1;lvarez  Fern&#xE1;ndez.</subfield>
  </datafield>
  <datafield tag="260" ind1=" " ind2=" ">
    <subfield code="a">Santo Domingo :</subfield>
    <subfield code="b">Centro de Educaci&#xF3;n para el Medio Ambiente y la Agricultura, CEMAAGRI, </subfield>
    <subfield code="c">2021.</subfield>
  </datafield>
  <datafield tag="300" ind1=" " ind2=" ">
    <subfield code="a">483 p. : </subfield>
    <subfield code="b">il. ; </subfield>
    <subfield code="c">23 cm. </subfield>
  </datafield>
  <datafield tag="500" ind1=" " ind2=" ">
    <subfield code="a">Incluye datos biogr&#xE1;ficos del autor en la solapa de la contracubierta.</subfield>
  </datafield>
  <datafield tag="504" ind1=" " ind2=" ">
    <subfield code="a">Bibliograf&#xED;a : p. 441-445</subfield>
  </datafield>
  <datafield tag="505" ind1="0" ind2=" ">
    <subfield code="a">Relaci&#xF3;n de siglas y acr&#xF3;nimos </subfield>
    <subfield code="t">Agradecimientos --</subfield>
    <subfield code="t">Pr&#xF3;logo /</subfield>
    <subfield code="r">Porfirio A. &#xC1;lvarez Fern&#xE1;ndez --</subfield>
    <subfield code="t">Presentaci&#xF3;n /</subfield>
    <subfield code="r">Ram&#xF3;n Catillo Lachapelle --</subfield>
    <subfield code="g">Cap&#xED;tulo I.</subfield>
    <subfield code="t">Conceptos generales de las buenas pr&#xE1;cticas agr&#xED;colas (BPA) --</subfield>
    <subfield code="g">Cap&#xED;tulo II.</subfield>
    <subfield code="t">Manejo de cultivos y BPA --</subfield>
    <subfield code="g">Cap&#xED;tulo III. </subfield>
    <subfield code="t">Plagas, enfermedades y malezas en cultivos --</subfield>
    <subfield code="g">Cap&#xED;tulo IV. </subfield>
    <subfield code="t">Conceptos generales de los fitosanitarios &#x2013;</subfield>
    <subfield code="g">Cap&#xED;tulo V. </subfield>
    <subfield code="t">Clasificaci&#xF3;n de los fitosanitarios &#x2013;</subfield>
    <subfield code="g">Cap&#xED;tulo VI. </subfield>
    <subfield code="t">Manejo integrado de insectos, nematodos, roedores, enfermedades y malezas en cultivos &#x2013;</subfield>
    <subfield code="g">Cap&#xED;tulo VII.</subfield>
    <subfield code="t">Aplicaci&#xF3;n de fitosanitarios &#x2013;</subfield>
    <subfield code="g">Cap&#xED;tulo VIII. </subfield>
    <subfield code="t">Almacenamiento y transporte de fitosanitarios &#x2013;</subfield>
    <subfield code="g">Cap&#xED;tulo IX. </subfield>
    <subfield code="t">Toxicidad de fitosanitarios y primeros auxilios &#x2013;</subfield>
    <subfield code="g">Cap&#xED;tulo X. </subfield>
    <subfield code="t">Marco regulatorio de los fitosanitarios &#x2013;</subfield>
    <subfield code="t">Bibliograf&#xED;a &#x2013; </subfield>
    <subfield code="t">Anexos.</subfield>
  </datafield>
  <datafield tag="590" ind1=" " ind2=" ">
    <subfield code="a">Inventariado, 2021 /LP

</subfield>
  </datafield>
  <datafield tag="700" ind1="1" ind2=" ">
    <subfield code="a">&#xC1;lvarez  Fern&#xE1;ndez, Porfirio A.,</subfield>
    <subfield code="e">pr&#xF3;l.</subfield>
    <subfield code="9">80681</subfield>
  </datafield>
  <datafield tag="910" ind1=" " ind2=" ">
    <subfield code="a">Lop&#xE9;rez</subfield>
  </datafield>
  <datafield tag="942" ind1=" " ind2=" ">
    <subfield code="2">ddc</subfield>
    <subfield code="c">LBS1</subfield>
  </datafield>
  <datafield tag="952" ind1=" " ind2=" ">
    <subfield code="0">0</subfield>
    <subfield code="1">0</subfield>
    <subfield code="2">ddc</subfield>
    <subfield code="5">1</subfield>
    <subfield code="7">0</subfield>
    <subfield code="8">PD</subfield>
    <subfield code="a">BNPHU</subfield>
    <subfield code="b">PD</subfield>
    <subfield code="c">HD</subfield>
    <subfield code="d">2021-11-19</subfield>
    <subfield code="e">Dep&#xF3;sito Legal </subfield>
    <subfield code="l">0</subfield>
    <subfield code="o">C352b</subfield>
    <subfield code="p">2021-28231</subfield>
    <subfield code="r">2021-11-19</subfield>
    <subfield code="w">2021-11-19</subfield>
    <subfield code="y">LFPD</subfield>
  </datafield>
  <datafield tag="952" ind1=" " ind2=" ">
    <subfield code="0">0</subfield>
    <subfield code="1">0</subfield>
    <subfield code="2">ddc</subfield>
    <subfield code="5">1</subfield>
    <subfield code="7">0</subfield>
    <subfield code="8">PD</subfield>
    <subfield code="a">BNPHU</subfield>
    <subfield code="b">PD</subfield>
    <subfield code="c">HD</subfield>
    <subfield code="d">2021-11-19</subfield>
    <subfield code="e">Dep&#xF3;sito Legal </subfield>
    <subfield code="l">0</subfield>
    <subfield code="o">C352b</subfield>
    <subfield code="p">2021-28232</subfield>
    <subfield code="r">2021-11-19</subfield>
    <subfield code="t">e.2</subfield>
    <subfield code="w">2021-11-19</subfield>
    <subfield code="y">LFPD</subfield>
  </datafield>
  <datafield tag="952" ind1=" " ind2=" ">
    <subfield code="0">0</subfield>
    <subfield code="1">0</subfield>
    <subfield code="2">ddc</subfield>
    <subfield code="5">6</subfield>
    <subfield code="7">0</subfield>
    <subfield code="8">DS</subfield>
    <subfield code="a">BNPHU</subfield>
    <subfield code="b">DO</subfield>
    <subfield code="c">HD</subfield>
    <subfield code="d">2021-11-19</subfield>
    <subfield code="e">Inventariado, 2021 /LP</subfield>
    <subfield code="l">0</subfield>
    <subfield code="o">C352b</subfield>
    <subfield code="p">2021-28233</subfield>
    <subfield code="r">2021-11-19</subfield>
    <subfield code="t">e.3</subfield>
    <subfield code="w">2021-11-19</subfield>
    <subfield code="y">LFDS</subfield>
  </datafield>
  <datafield tag="999" ind1=" " ind2=" ">
    <subfield code="c">51004</subfield>
    <subfield code="d">51004</subfield>
  </datafield>
</record>
